000 00715nam a2200217Ii 4500
001 16465
003 CO-ViMGA
008 241108s9999||||xx |||||||||||||| ||und||
020 _a9789588427294
040 _aCO-ViMGA
_bspa
_erda
_cCO-ViMGA
041 0 _aunk
082 0 4 _a320.531 M27r
100 1 _aDarío Mesa
_954077
245 1 0 _aLa revolución científico-técnica y el colapso del socialismo real
264 1 _a[Lugar de publicación no identificado] : La Carreta Editores, [Fecha de publicación no identificada]
300 _avolumen
336 _atext
_btxt
_2rdacontent
337 _aunmediated
_bn
_2rdamedia
338 _avolume
_bnc
_2rdacarrier
940 _aidficha_siabuc: 16134. -- ficha_no_siabuc:16465
999 _c50938
_d50938